|
|
|
|
| LEADER |
00862nam a2200217 a 4500 |
| 001 |
GR-MES6817 |
| 008 |
000412s gr 000 0 gre d |
| 020 |
|
|
|a 0582089573
|
| 040 |
|
|
|a GrPaTEI
|b gre
|c GR-PaULI
|
| 040 |
|
|
|a GrPaTEI
|b gre
|c GR-PaULI
|
| 245 |
0 |
0 |
|a Creative Grammar practice :
|b Getting learners to use both sides of the brain /
|c Puchta Herbert.
|
| 260 |
|
|
|a Harlow :
|b Longman,
|c 1992
|
| 300 |
|
|
|a viii ,133 σελ.
|
| 490 |
0 |
|
|a Pilgrims Longman resource books series
|
| 650 |
|
4 |
|a ΑΓΓΛΙΚΗ ΓΡΑΜΜΑΤΙΚΗ
|
| 700 |
0 |
|
|a GERNGROSS,GUNTER
|
| 700 |
0 |
|
|a PUCITA,HERBERT
|
| 942 |
|
|
|2 ddc
|
| 952 |
|
|
|0 0
|1 0
|2 ddc
|4 0
|6 425_000000000000000_GER
|7 0
|9 277150
|a MSLG
|b MSLG
|c BSC
|d 2021-01-17
|e 24
|f 0
|g 0.00
|l 0
|o 425 GER
|p 2420000016079
|r 2021-01-17 00:00:00
|t 1
|w 2021-01-17
|y BK15
|x 20000412 0 1
|x GrPaTEI
|
| 971 |
|
|
|a .b25852863
|b 15-04-20
|c 14-09-16
|
| 999 |
|
|
|c 160981
|d 160981
|